Biggest cities in 20° rectangles, on a world map - Statistics

General Stats
  • This quiz has been taken 1,018 times
    49 since last reset
  • The average score is 60 of 87
Answers on the Map
Answers color-coded by a green-red scale on the quiz's map according to % correct below.
 
Answer Stats
Pop City % Correct
21.8 M New York
100%
15.1 M London
98%
18.8 M Moscow
98%
11.5 M Paris
98%
10.6 M Bogotá
95%
35.7 M Delhi
95%
1.56 M Helsinki
95%
14.8 M Johannesburg
95%
21.3 M Lagos
95%
12.0 M Lima
95%
17.1 M Los Angeles
95%
8.40 M Santiago
95%
22.6 M São Paulo
95%
4.47 M Seattle
95%
4.32 M Algiers
93%
249 k Anchorage
93%
22.8 M Cairo
93%
5.10 M Cape Town
93%
4.45 M Casablanca
93%
27.6 M Mumbai
93%
239 k Reykjavik
93%
16.8 M Tehran
93%
1.53 M Auckland
90%
21.8 M Bangkok
90%
9.60 M Chicago
90%
7.80 M Dallas
90%
23.1 M Dhaka
90%
29.5 M Jakarta
90%
16.3 M Kinshasa
90%
27.8 M Manila
90%
25.4 M Mexico City
90%
6.90 M Nairobi
90%
2.35 M Perth
90%
7,50 M San Francisco
90%
41.6 M Shanghai
90%
8.65 M Washington
90%
1.45 M Adelaide
88%
3.15 M Antananarivo
88%
3.72 M Baku
88%
5.20 M Melbourne
88%
377 k Christchurch
86%
72.7 M Guangzhou
86%
7.20 M Khartoum
86%
19.9 k Nuuk
86%
364 k Port Moresby
83%
3.27 M Sanaa
83%
2.50 M Sapporo
83%
852 k Honolulu
79%
272 k Bergen
76%
197 k Hobart
76%
4.10 M Recife
76%
3.85 M Tashkent
76%
12.9 M Chennai
74%
185 k St. John's
74%
19.6 k Yellowknife
74%
2.65 M Salt Lake City
71%
5.30 M Belo Horizonte
69%
5.00 M Ürümqi
67%
24.5 k Whitehorse
67%
7.05 M Abidjan
64%
35.9 k Apia
64%
141 k Praia
64%
185 k Suva
62%
367 k Yakutsk
52%
296 k Arkhangelsk
48%
41.4 k Hilo
45%
63.4 k South Tarawa
43%
34.1 k Nukuʻalofa
40%
19.8 k Akureyri
36%
8.80 M Shenyang
36%
1.51 M Sendai
31%
13.0 k Anadyr
29%
124 k Papeete
29%
176 k Norilsk
26%
33.9 k Ponta Delgada
26%
2.85 M Hohhot
24%
199 k Comodoro
17%
458 k Macapá
17%
315 k Kupang
14%
1.06 M Morelia
14%
420 k Surgut
14%
191 k Fianarantsoa
12%
139 k Dededo
10%
34.1 k Mirny
10%
547 k Piura
10%
13.7 k Hithadhoo
5%
11.8 k Tiku Selatan
2%
No matching quizzes found
Score Distribution
Percent of People with Each Score
Percentile by Number Answered
Your Score History
You have not taken this quiz since the last reset